|
|
|
|
| LEADER |
00000nkm a2200000 a 4500 |
| 001 |
vtls011769602 |
| 003 |
SK-MaSNL |
| 005 |
20260512122938.0 |
| 007 |
kp bo |
| 008 |
240221q1936 xo g kuslo |
| 015 |
|
|
|a SNBG1936
|
| 035 |
|
|
|a urn:nbn:sk:snk-km00don4
|
| 035 |
|
|
|a urn:nbn:sk:snk-km3lynf
|
| 035 |
|
|
|a D33F7F2E-F539-4ED1-8697-ECE7FB9601B0
|
| 040 |
|
|
|a SNK
|b slo
|c SNK
|e AACR2
|
| 041 |
0 |
|
|a slo
|
| 043 |
|
|
|a e-xo---
|
| 044 |
|
|
|a xo
|c SK
|
| 072 |
|
7 |
|a 913
|x Regionálna geografia
|2 konspekt
|
| 072 |
|
7 |
|a 72
|x Architektúra
|2 konspekt
|
| 080 |
|
|
|a 913(437.6)
|2 2011
|
| 080 |
|
|
|a 726:27-523.42
|2 2011
|
| 080 |
|
|
|a (084.121)
|2 2011
|
| 080 |
|
|
|a 721
|2 2011
|
| 245 |
0 |
0 |
|a Sp. Nová Ves
|h grafika
|b mest.dom a ev.kost.
|
| 246 |
3 |
3 |
|a Spišská Nová Ves
|b mestský dom a evanjelický kostol
|
| 260 |
|
|
|a B. Bystrica
|b "Luna"
|c [1936?]
|
| 300 |
|
|
|a 1 pohľadnica
|b čiernobiela
|c 9 x 14 cm
|
| 500 |
|
|
|a Číslo záberu 6841
|
| 500 |
|
|
|a Názvové údaje prevzaté z obrazovej časti pohľadnice
|
| 500 |
|
|
|a Na adresnej časti názov "Sp. Nová Ves"
|
| 520 |
8 |
|
|a Zobrazenie: V bielom orámovaní pohľad na mestský dom vpravo a kostol naľavo. Pred kostolom sú stromy. Pred mestským domom sú dve autá a vedľa neho napravo je pamätník , pred ktorým sú tri osoby
|
| 650 |
0 |
7 |
|a kostoly
|2 SNKPH
|9 3023
|
| 650 |
0 |
7 |
|a budovy
|2 SNKPH
|9 1283
|
| 651 |
|
7 |
|a Spišská Nová Ves (Slovensko)
|2 SNKPHgeo
|9 28800
|
| 655 |
|
7 |
|a miestne pohľadnice
|2 SNKPH
|9 70510
|
| 752 |
|
|
|a Slovensko
|d Banská Bystrica
|
| 852 |
|
|
|a Slovenská národná knižnica
|
| 958 |
|
|
|a EUIPO
|
| 958 |
|
|
|a GBN
|
| 958 |
|
|
|a GC
|
| 958 |
|
|
|a OND
|
| 999 |
|
|
|c 684652
|d 686582
|
| 952 |
|
|
|a SNK
|b SNK
|y PREZ
|7 0
|p 17A1223539
|o snkSP 22426
|z Pohľadnica prešla poštou.
|0 0
|1 0
|4 0
|d 2018-07-30
|f 1
|l 0
|r 2026-02-23 20:08:43
|w 2026-02-23
|